Statistics for Im a Celebrity Get me out of here quiz

Click here to take the quiz!

General Stats

  • This quiz has been taken 21 times
  • The average score is 3 of 5

Answer Stats

QuestionAnswer% Correct
Mike's NicknameMagic Mike
100%
What is Sue's husband calledBryan
72%
Who Made a song for BabatundeScarlett
44%
What is the trial that Chris got one star onBoiling level
33%
What religion is Boy georgeBuddhist
33%

Score Distribution

Percentile by Number Answered

Percent of People with Each Score

Your Score History

You have not taken this quiz